[Event "GER-ch U12"]
[Site "Willingen"]
[Date "2024.05.21"]
[Round "4"]
[White "Lee, Ho In"]
[Black "Gao, Chenzhuo"]
[Result "1/2-1/2"]
[WhiteElo "1668"]
[BlackElo "1580"]
[PlyCount "71"]
[EventDate "2024.05.19"]
[EventType "swiss"]
[EventRounds "9"]
[EventCountry "GER"]
[SourceTitle "CBM 220 Extra"]
[Source "ChessBase"]
[SourceDate "2024.07.31"]
[SourceVersion "1"]
[SourceVersionDate "2024.07.31"]
[SourceQuality "1"]

1. c4 Nf6 2. Nc3 g6 3. Nf3 Bg7 4. g3 0-0 5. Bg2 c6 6. 0-0 d5 7. cxd5 cxd5 8. d4 Nc6 9. a3 a6 10. b4 Ne4 11. Bb2 Bg4 12. Nb1 Qb6 13. e3 e5 14. dxe5 Nxe5 15. Bxe5 Bxe5 16. Ra2 Rfd8 17. Qd3 Bg7 18. Rc1 Bf5 19. Qd1 d4 20. Nxd4 Bxd4 21. exd4 Rxd4 22. Qe1 Rad8 23. Bf3 Ng5 24. Bg2 Bg4 25. Rd2 Nf3+ 26. Bxf3 Bxf3 27. Rcc2 Re4 28. Rxd8+ Qxd8 29. Qc1 Qd3 30. Nd2 Re2 31. Rc8+ Kg7 32. Nxf3 Qxf3 33. Qa1+ Kh6 34. Qc1+ g5 35. Qf1 Ra2 36. Rh8 1/2-1/2

[Event "GER-ch U12"]
[Site "Willingen"]
[Date "2024.05.19"]
[Round "1"]
[White "Rodriguez Klasen, Ennio"]
[Black "Lee, Ho In"]
[Result "1/2-1/2"]
[WhiteElo "1802"]
[BlackElo "1668"]
[PlyCount "93"]
[EventDate "2024.05.19"]
[EventType "swiss"]
[EventRounds "9"]
[EventCountry "GER"]
[SourceTitle "CBM 220 Extra"]
[Source "ChessBase"]
[SourceDate "2024.07.31"]
[SourceVersion "1"]
[SourceVersionDate "2024.07.31"]
[SourceQuality "1"]

1. e4 c5 2. d4 cxd4 3. Qxd4 Nc6 4. Qd3 Nf6 5. Nc3 g6 6. Nf3 d6 7. Be2 Bg7 8. 0-0 0-0 9. Nd5 Nxd5 10. exd5 Bf5 11. Qb5 Ne5 12. Nxe5 Bxe5 13. c3 Qc7 14. Be3 Rfb8 15. a4 b6 16. Ra3 h5 17. Qb4 Kg7 18. h3 Rb7 19. g4 a5 20. Qb3 hxg4 21. hxg4 Qc8 22. gxf5 Qh8 23. f6+ exf6 24. f4 Qh4 25. Rf2 Rh8 26. Bf3 Bxf4 27. Bxf4 Qxf4 28. Qd1 Re7 29. Qd2 Qg3+ 30. Bg2 Rh4 31. c4 Qe5 32. Rh3 Rxh3 33. Bxh3 Qg3+ 34. Bg2 Re5 35. Qc3 Qg4 36. Qf3 Re1+ 37. Rf1 Rxf1+ 38. Qxf1 Qd4+ 39. Qf2 Qd1+ 40. Bf1 Qg4+ 41. Kh2 Qh5+ 42. Bh3 Qe5+ 43. Kg1 Qg5+ 44. Bg2 Qc1+ 45. Kh2 Qxc4 46. Qxb6 Qh4+ 47. Kg1 1/2-1/2

[Event "GER-ch U12"]
[Site "Willingen"]
[Date "2023.06.01"]
[Round "7"]
[White "Mukazhanov, Mansur"]
[Black "Lee, Ho In"]
[Result "1-0"]
[WhiteElo "1563"]
[BlackElo "1492"]
[PlyCount "93"]
[EventDate "2023.05.27"]
[EventType "swiss"]
[EventRounds "9"]
[EventCountry "GER"]
[SourceTitle "CBM 214 Extra"]
[Source "ChessBase"]
[SourceDate "2023.07.31"]
[SourceVersion "1"]
[SourceVersionDate "2023.07.31"]
[SourceQuality "1"]

1. e4 c5 2. Nf3 d6 3. Bb5+ Bd7 4. Bxd7+ Qxd7 5. 0-0 Nf6 6. Re1 Nc6 7. c3 g6 8. d4 cxd4 9. cxd4 Bg7 10. Nc3 0-0 11. h3 a6 12. b3 Rfd8 13. Bb2 d5 14. e5 Ne8 15. Rc1 Rac8 16. Na4 Qc7 17. Qe2 e6 18. Ba3 b5 19. Nc5 Qa5 20. Bb2 Qb6 21. a3 Rc7 22. a4 Na5 23. Nd2 Bh6 24. b4 Nb7 25. a5 Qa7 26. Rc3 Nxc5 27. dxc5 Bf8 28. Nf3 Ng7 29. g4 Ne8 30. Nd4 Rcc8 31. f4 Ng7 32. Rg3 Be7 33. Rf1 Rc7 34. f5 exf5 35. gxf5 Bf8 36. f6 Ne6 37. Qg4 Re8 38. h4 h6 39. Nf5 Kh7 40. Nd6 Bxd6 41. exd6 Rd7 42. Kh2 Qb7 43. h5 g5 44. Qf5+ Kh8 45. Re1 Rf8 46. Rxe6 fxe6 47. f7+ 1-0

[Event "GER-ch U10"]
[Site "Willingen"]
[Date "2022.06.06"]
[Round "3"]
[White "Moskalenko, Michael"]
[Black "Lee, Ho In"]
[Result "1-0"]
[WhiteElo "1266"]
[BlackElo "1396"]
[PlyCount "47"]
[EventDate "2022.06.04"]
[EventType "swiss"]
[EventRounds "11"]
[EventCountry "GER"]
[SourceTitle "CBM 208 Extra"]
[Source "ChessBase"]
[SourceDate "2022.07.31"]
[SourceVersion "1"]
[SourceVersionDate "2022.07.31"]
[SourceQuality "1"]

1. d4 Nf6 2. c4 g6 3. Nc3 Bg7 4. e4 d6 5. Nf3 0-0 6. Be2 Nbd7 7. 0-0 e5 8. Bg5 c6 9. d5 Qc7 10. Nd2 a5 11. f3 Qb6+ 12. Kh1 Qxb2 13. Na4 Qd4 14. Qc1 Qa7 15. Rb1 cxd5 16. cxd5 Qd4 17. Qc2 h6 18. Bh4 Qa7 19. Bf2 Qb8 20. Rfc1 Ne8 21. Nc4 Qc7 22. Ncb6 Qxc2 23. Rxc2 Nxb6 24. Nxb6 1-0

[Event "GER-ch U10"]
[Site "Willingen"]
[Date "2022.06.05"]
[Round "1"]
[White "Wolf, Noah"]
[Black "Lee, Ho In"]
[Result "0-1"]
[WhiteElo "1073"]
[BlackElo "1396"]
[PlyCount "64"]
[EventDate "2022.06.04"]
[EventType "swiss"]
[EventRounds "11"]
[EventCountry "GER"]
[SourceTitle "CBM 208 Extra"]
[Source "ChessBase"]
[SourceDate "2022.07.31"]
[SourceVersion "1"]
[SourceVersionDate "2022.07.31"]
[SourceQuality "1"]

1. e4 e6 2. d4 d5 3. e5 c5 4. c3 Nc6 5. Nf3 Qb6 6. Bd3 cxd4 7. cxd4 Bd7 8. Bc2 Nb4 9. 0-0 Nxc2 10. Qxc2 Ne7 11. Bg5 Nf5 12. Rd1 Rc8 13. Nc3 h6 14. Be3 Qa5 15. Qb3 Qb4 16. Qxb4 Bxb4 17. Rac1 0-0 18. g4 Ne7 19. h4 Rc7 20. h5 Rfc8 21. Bd2 b5 22. g5 Nf5 23. gxh6 gxh6 24. Nxd5 Rxc1 25. Nf6+ Kg7 26. Bxc1 Bc6 27. Nh2 Bb7 28. Bd2 Bxd2 29. Rxd2 Rc1+ 30. Nf1 Nh4 31. Rd3 Nf3+ 32. Kg2 Nxe5+ 0-1